00804nam a2200253 a 4500001001300000003000900013005001700022008004100039020002300080082001600103100002600119245004800145260003700193300000900230500003500239505004000274650002800314650001900342700002600361902000800387942000700395952013100402999001700533nice12345678IN_TiNIC20260116015307.0090216s2008 dela grp 000 0 eng  a9788175741935c59500a954.84bFAR aFarooqui, Salma Ahmed aMulticultural Dimensions of Medieval Deccan aDelhi bSundeep Prakashan c2008 a167p aincludes index and biblioraphy2 aappendices, glossary, biblio, index aDeccan-History-medieval aDeccan-Culture1 aFarooqui, Salma Ahmed bSRS cBK 001040708StackRoom-aHMIbHMId2013-07-02g595.00l2o954.84 FARp11001682r2019-07-11s2019-07-05v595.00w2009-02-16yBK c19112d19112